| 000 | 00590nam a2200193 a 4500 | ||
|---|---|---|---|
| 005 | 20140311163026.0 | ||
| 008 | 080509s19uu xx 00 eng d | ||
| 020 | _a1412925207 | ||
| 050 |
_aLB 157.8 _b.W37 2006 |
||
| 100 | _aWalling, Donnoban | ||
| 245 | _aTeaching writing to visual. auditory, and kinesthetic learners. / | ||
| 260 |
_aThousand Oaks, California : _bCorwin Press, _c2006. |
||
| 300 |
_a120 p. : _bill. ; _c26 cm. |
||
| 650 | _aComposition (Language Arts). | ||
| 650 | _aPerceptual learning. | ||
| 650 | _aActive learning. | ||
| 942 |
_cBK _2lcc _kFOR |
||
| 999 |
_c39542 _d39542 |
||